Vývoj priamych zahraničných investícií v Slovenskej republike

Pôsobenie PZI na ekonomiku Slovenska a rozvoj jednotlivých regiónov. Prílev priamych zahraničných investícií do SR. Regionálne aspekty PZI v SR. Prehľad najvýznamnejších investorov v krajoch. Prílev PZI na Slovensko a miera nezamestnanosti podľa krajov.

Enregistré dans:
Détails bibliographiques
Auteur principal: Sochuľáková, Jana
Format: Chapitre de livre
Langue:slovaque
Sujets:
Tags: Ajouter un tag
Pas de tags, Soyez le premier à ajouter un tag!

MARC

LEADER 00000naa$a2200000$$$4500
001 0018793
005 20231106081658.1
041 0 |a slo 
044 |a SK 
245 1 0 |a Vývoj priamych zahraničných investícií v Slovenskej republike  |c Jana Sochuľáková 
520 |a Pôsobenie PZI na ekonomiku Slovenska a rozvoj jednotlivých regiónov. Prílev priamych zahraničných investícií do SR. Regionálne aspekty PZI v SR. Prehľad najvýznamnejších investorov v krajoch. Prílev PZI na Slovensko a miera nezamestnanosti podľa krajov. 
610 2 0 |a investície priame zahraničné 
610 2 0 |a Slovensko 
610 2 0 |a regióny 
610 2 0 |a Európska únia 
610 2 0 |a spolupráca hospodárska medzinárodná 
610 2 0 |a investori 
610 2 0 |a zamestnanosť 
100 1 |a Sochuľáková, Jana